| 000 -LEADER | |
|---|---|
| fixed length control field | 00492nam a22001817a 4500 |
| 005 - DATE AND TIME OF LATEST TRANSACTION | |
| control field | 20230403155515.0 |
| 008 - FIXED-LENGTH DATA ELEMENTS--GENERAL INFORMATION | |
| fixed length control field | 221220b |||||||| |||| 00| 0 eng d |
| 020 ## - INTERNATIONAL STANDARD BOOK NUMBER | |
| ISBN | 978-0-12-820007-0 |
| 041 ## - LANGUAGE CODE | |
| Language code of text/sound track or separate title | eng |
| 082 ## - DEWEY DECIMAL CLASSIFICATION NUMBER | |
| Classification number | 615.1 ADE-R |
| 100 ## - MAIN ENTRY--AUTHOR NAME | |
| Personal name | ADEJARE ,ADEBOYE |
| 245 ## - TITLE STATEMENT | |
| Title | REMINGTON THE SCIENCE AND PRACTICE OF PHARMACY |
| 250 ## - EDITION STATEMENT | |
| Edition statement | 23rd ed. |
| 260 ## - PUBLICATION, DISTRIBUTION, ETC. (IMPRINT) | |
| Name of publisher | ELSEVIER ACADEMIC PRESS |
| Year of publication | 2021 |
| 300 ## - PHYSICAL DESCRIPTION | |
| Number of Pages | 1000;P. |
| 650 ## - SUBJECT ADDED ENTRY--TOPICAL TERM | |
| Topical Term | PHARMACY |
| General subdivision | B.PHARMA & D.PHARMA |
| 942 ## - ADDED ENTRY ELEMENTS (KOHA) | |
| Koha item type | Books |
| Lost status | Damaged status | Collection code | Home library | Current library | Shelving location | Date acquired | Source of acquisition | Full call number | Accession Number | Koha item type | Cost, normal purchase price |
|---|---|---|---|---|---|---|---|---|---|---|---|
| Reference | JRU Library | JRU Library | Shelf - 23- A | 10/11/2022 | LOHIA BOOK INTERNATIONAL | 615.1-ADE-R | 27134 | Books | |||
| PHARMACY | JRU Library | JRU Library | Shelf - 23- A | 10/11/2022 | LOHIA BOOK INTERNATIONAL | 615.1-ADE-R | 27135 | Books | |||
| PHARMACY | JRU Library | JRU Library | SHELF-18-F | 10/11/2022 | LOHIA BOOK INTERNATIONAL | 615.1-ADE-R | 27136 | Books | |||
| PHARMACY | JRU Library | JRU Library | Shelf - 23- A | 21/01/2023 | LOHIA BOOK INTERNATIONAL | 615.1 ADE-R | 27413 | Books | 15404.00 | ||
| PHARMACY | JRU Library | JRU Library | Shelf - 23- A | 21/01/2023 | LOHIA BOOK INTERNATIONAL | 615.1 ADE-R | 27414 | Books | 15404.00 | ||
| PHARMACY | JRU Library | JRU Library | SHELF-18-F | 27/03/2023 | LOHIA BOOK INTERNATIONAL | 615.1 ADE-R | 27661 | Books | 15331.00 |